[Event "21st Dubai Open 2019"]
[Site "Dubai UAE"]
[Date "2019.04.06"]
[Round "6.11"]
[White "Akash, G"]
[Black "Mchedlishvili, Mikheil"]
[Result "0-1"]
[WhiteTitle "IM"]
[BlackTitle "GM"]
[WhiteElo "2411"]
[BlackElo "2610"]
[WhiteFideId "5040299"]
[BlackFideId "13600966"]
[EventDate "2019.04.01"]

1. e4 e5 2. Nf3 Nc6 3. Bb5 a6 4. Ba4 Nf6 5. O-O Be7 6. Re1 b5 7. Bb3 d6 8. c3
O-O 9. h3 Nd7 10. d4 Bf6 11. a3 Bb7 12. d5 Na5 13. Ba2 Nb6 14. b4 Nac4 15. a4 c6
16. dxc6 Bxc6 17. a5 Nc8 18. Nbd2 Nxd2 19. Bxd2 Qd7 20. c4 Na7 21. Nh2 bxc4 22.
Bxc4 Nb5 23. Qb3 Qb7 24. Qd3 Be7 25. Nf1 Rad8 26. Rac1 d5 27. exd5 Bxd5 28. Bxd5
Rxd5 29. Qc4 Rfd8 30. Qc6 Qa7 31. Qb6 Qxb6 32. axb6 Rb8 33. b7 Rxb7 34. Rc8+ Bf8
35. Ra1 Rd6 36. Be3 Nd4 37. Ra8 f6 38. R1xa6 Rxa6 39. Rxa6 Rxb4 40. Ra1 Kf7 41.
g3 Nc2 42. Rc1 Rb2 43. Kg2 f5 44. Kf3 Bb4 45. Kg2 Ke6 0-1

[Event "21st Dubai Open 2019"]
[Site "Dubai UAE"]
[Date "2019.04.06"]
[Round "6.13"]
[White "Pichot, Alan"]
[Black "Aditya, Mittal"]
[Result "1/2-1/2"]
[WhiteTitle "GM"]
[BlackTitle "CM"]
[WhiteElo "2584"]
[BlackElo "2454"]
[WhiteFideId "110973"]
[BlackFideId "35042025"]
[EventDate "2019.04.01"]

1. e4 c5 2. Nf3 d6 3. d4 cxd4 4. Nxd4 Nf6 5. Nc3 a6 6. a4 e5 7. Nf3 Be7 8. Bc4
O-O 9. O-O Be6 10. Qe2 h6 11. Rd1 Qc7 12. Ba2 Nc6 13. Nd5 Bxd5 14. exd5 Nb4 15.
Bb3 a5 16. c3 Na6 17. Nh4 Qd7 18. Qf3 e4 19. Qf5 g6 20. Nxg6 fxg6 21. Qxg6+ Kh8
22. Qxh6+ Nh7 23. Qe6 Qxe6 24. dxe6 Nc5 25. Bc4 Nf6 26. Be3 Rac8 27. Bd5 Nxd5
28. Rxd5 Nxe6 29. Rxa5 Nc5 30. Rb5 Rc7 31. a5 Bf6 32. g3 Bg7 33. Rd1 Nd3 34. Rd2
Be5 35. Rd5 Rcf7 36. f4 Bg7 37. Rxd6 Rf5 38. Re6 Rxa5 39. Rxe4 Rd8 40. Rd1 Rad5
41. c4 R5d7 42. b3 Nb4 43. Rxd7 Rxd7 44. f5 Rd3 45. Kg2 Rxb3 46. h4 Nc6 47. g4
Rb2+ 48. Kg3 Rb3 49. Kf4 b5 50. g5 Be5+ 51. Rxe5 Nxe5 52. Bd4 bxc4 53. Bxe5+ Kh7
54. f6 c3 55. Ke3 Kg6 56. h5+ Kxg5 57. Kd3 c2+ 58. Kxc2 Rf3 59. Bc3 Kxh5 60. Kb2
Kg6 1/2-1/2

[Event "21st Dubai Open 2019"]
[Site "Dubai UAE"]
[Date "2019.04.06"]
[Round "6.14"]
[White "Bharath, Subramaniyam H"]
[Black "Santos Ruiz, Miguel"]
[Result "1-0"]
[WhiteTitle "CM"]
[BlackTitle "GM"]
[WhiteElo "2301"]
[BlackElo "2560"]
[WhiteFideId "46634827"]
[BlackFideId "22291482"]
[EventDate "2019.04.01"]

1. e4 e5 2. Nf3 Nc6 3. Bb5 a6 4. Ba4 Nf6 5. Qe2 Bd6 6. c3 O-O 7. d3 Re8 8. Bg5
h6 9. Bh4 Bf8 10. Nbd2 d6 11. O-O g5 12. Bg3 Bd7 13. h4 Nh5 14. hxg5 hxg5 15.
Nh2 Nf4 16. Bxf4 gxf4 17. Qh5 Qf6 18. Bd1 Qh6 19. Qxh6 Bxh6 20. Bg4 Be6 21. Ndf3
Rad8 22. Bxe6 Rxe6 23. Nh4 Bg5 24. Nf5 Ne7 25. Nxe7+ Bxe7 26. Ng4 Kg7 27. f3 d5
28. Rfd1 dxe4 29. dxe4 Red6 30. Rxd6 Rxd6 31. Nxe5 Rd2 32. Nc4 Rc2 33. Rb1 Bc5+
34. Kh2 Bf2 35. Kh3 Kf6 36. a4 b5 37. axb5 axb5 38. Na3 Rd2 39. Nxb5 Rd8 40. Kg4
Bg3 41. e5+ Kg6 42. Nd4 Re8 43. Nf5 Rxe5 44. Nxg3 fxg3 45. Kxg3 Re2 46. b3 Rc2
47. c4 Rc3 48. Ra1 Rxb3 49. Ra7 Rb2 50. Rxc7 f6 51. c5 Rc2 52. c6 Rc4 53. Rc8
Kg7 54. Kh3 Rc3 55. Kg4 Rc5 56. f4 Kg6 57. Kf3 Rc4 58. g4 Kh6 59. Ke3 Kg7 60.
Kd3 Rc1 61. Kd4 Kf7 62. Kd5 Ke7 63. c7 Kd7 64. Rf8 Kxc7 65. Rxf6 Kd7 66. Rf7+
Ke8 67. Ra7 Re1 68. g5 Kf8 69. g6 Re2 70. f5 Rb2 71. f6 Rb8 72. Rh7 1-0

[Event "21st Dubai Open 2019"]
[Site "Dubai UAE"]
[Date "2019.04.06"]
[Round "6.16"]
[White "Chanda, Sandipan"]
[Black "Haug, Johannes"]
[Result "0-1"]
[WhiteTitle "GM"]
[BlackTitle "IM"]
[WhiteElo "2534"]
[BlackElo "2406"]
[WhiteFideId "5004225"]
[BlackFideId "1509268"]
[EventDate "2019.04.01"]

1. d4 Nf6 2. c4 e6 3. Nc3 Bb4 4. e3 O-O 5. Bd2 c5 6. a3 Bxc3 7. Bxc3 Ne4 8. Ne2
b6 9. d5 d6 10. f3 Nxc3 11. Nxc3 e5 12. Bd3 f5 13. O-O Nd7 14. Qc2 g6 15. Kh1
Nf6 16. b4 Bd7 17. Qb2 Rb8 18. Be2 a6 19. Rab1 Qc7 20. f4 exf4 21. exf4 Kf7 22.
b5 a5 23. Bf3 Rfe8 24. Rbe1 Rxe1 25. Rxe1 Re8 26. Re2 Rxe2 27. Qxe2 Qd8 28. h3
h5 29. Qe3 Bc8 30. Kg1 Bd7 31. Be2 Bc8 32. Bd3 Kf8 33. Kf1 Kf7 34. Bc2 Kf8 35.
Ne2 Bd7 36. Ng1 Qe7 37. Qxe7+ Kxe7 38. Ne2 Be8 39. Nc3 Nd7 40. Kf2 Kf6 41. g4
hxg4 42. hxg4 Nf8 43. Na4 Nd7 44. Kg3 Bf7 45. Kh4 Be8 46. Bd1 Bf7 47. Nc3 Nf8
48. Ne2 Be8 49. Ng3 Bd7 50. Bc2 Bc8 51. gxf5 Bxf5 52. Bxf5 gxf5 53. Kh5 Ng6 54.
Ne2 Nf8 55. Ng1 Ng6 56. Nh3 a4 57. Kh6 Nh4 58. Ng5 Ng2 59. Nh7+ Ke7 60. Kg5 Ne3
61. Nf6 Nxc4 62. Kxf5 Nxa3 63. Ne4 Nxb5 64. Kg6 Nd4 65. f5 Nxf5 66. Kxf5 a3 0-1

[Event "21st Dubai Open 2019"]
[Site "Dubai UAE"]
[Date "2019.04.06"]
[Round "6.20"]
[White "Yilmaz, Mustafa"]
[Black "Nitish, Belurkar"]
[Result "1-0"]
[WhiteTitle "GM"]
[BlackTitle "FM"]
[WhiteElo "2636"]
[BlackElo "2327"]
[WhiteFideId "6302718"]
[BlackFideId "5084768"]
[EventDate "2019.04.01"]

1. d4 Nf6 2. c4 e6 3. Nf3 d5 4. Nc3 c5 5. cxd5 Nxd5 6. e4 Nxc3 7. bxc3 cxd4 8.
cxd4 Bb4+ 9. Bd2 Bxd2+ 10. Qxd2 O-O 11. Bc4 b6 12. d5 Re8 13. O-O Ba6 14. Bxa6
Nxa6 15. d6 Nc5 16. e5 f6 17. Rad1 Nd7 18. exf6 Qxf6 19. Nd4 Rac8 20. Nb5 Rc5
21. a4 Rd8 22. Qb4 Ne5 23. Qb3 Rd7 24. Rfe1 Rf7 25. Re2 Qf4 26. h3 Nd7 27. Nd4
Re5 28. Nxe6 Qf6 29. Rxe5 Nxe5 30. f4 1-0

[Event "21st Dubai Open 2019"]
[Site "Dubai UAE"]
[Date "2019.04.06"]
[Round "6.22"]
[White "Ranaldi, Lucas"]
[Black "Sindarov, Javokhir"]
[Result "0-1"]
[WhiteTitle "FM"]
[BlackTitle "GM"]
[WhiteElo "2279"]
[BlackElo "2505"]
[WhiteFideId "1519484"]
[BlackFideId "14205483"]
[EventDate "2019.04.01"]

1. c4 Nf6 2. Nf3 g6 3. Nc3 Bg7 4. e4 c5 5. d4 cxd4 6. Nxd4 Nc6 7. Be3 O-O 8. Be2
d6 9. O-O Bd7 10. Qd2 Nxd4 11. Bxd4 Bc6 12. f3 a5 13. b3 Nd7 14. Be3 Nc5 15.
Rab1 Qb6 16. Rfc1 Rfc8 17. Bf1 Qd8 18. Rc2 Be5 19. Qe1 e6 20. Rd1 Qe7 21. Kh1
Rd8 22. Ne2 b6 23. Nf4 Qb7 24. Nd3 Nxd3 25. Rxd3 b5 26. c5 d5 27. exd5 Rxd5 28.
Rxd5 Bxd5 29. Bf2 Bg7 30. Qc1 Qc6 31. a4 bxa4 32. bxa4 Qxa4 33. c6 Bh6 34. Qxh6
Qxc2 35. Bd4 f6 36. Bxf6 Ra7 37. Qe3 Rf7 38. Bc3 Qd1 39. Be1 a4 40. Kg1 Rc7 41.
Qb6 Rc8 42. Qb7 Rxc6 43. Qb8+ Kf7 44. Qf4+ Ke8 45. Qb8+ Kd7 46. Qb7+ Rc7 47.
Bb5+ Bc6 48. Bxc6+ Kd6 49. Qb4+ Kxc6 50. Kf2 Qb3 51. Qe4+ Kd7 52. Qd4+ Kc8 53.
Ba5 Rd7 54. Qc5+ Kb7 55. Kg3 Rd5 56. Qe7+ Ka6 57. Bb4 Qe3 58. h4 Qe5+ 59. Kh3
Rd1 60. g3 Qf5+ 0-1

[Event "21st Dubai Open 2019"]
[Site "Dubai UAE"]
[Date "2019.04.06"]
[Round "6.23"]
[White "Srihari, L R"]
[Black "Vignesh, N R"]
[Result "0-1"]
[WhiteTitle "FM"]
[BlackTitle "IM"]
[WhiteElo "2211"]
[BlackElo "2476"]
[WhiteFideId "46617116"]
[BlackFideId "25012215"]
[EventDate "2019.04.01"]

1. d4 Nf6 2. c4 e6 3. Nf3 d5 4. Nc3 Bb4 5. Bg5 h6 6. Bxf6 Qxf6 7. Qa4+ Nc6 8. e3
O-O 9. Bd3 dxc4 10. Bxc4 e5 11. O-O exd4 12. Nd5 Qd6 13. Nxd4 Nxd4 14. Qxb4 Qxb4
15. Nxb4 Ne6 16. Rfd1 c6 17. a4 a5 18. Nd3 Re8 19. Rac1 Kf8 20. f4 Nc7 21. Ne5
Be6 22. Bxe6 Nxe6 23. Rd7 Re7 24. Rcd1 Nc5 25. Rd8+ Rxd8 26. Rxd8+ Re8 27. Nd7+
Nxd7 28. Rxd7 Rxe3 29. Rxb7 Re1+ 30. Kf2 Re4 31. b4 Rxf4+ 32. Ke3 g5 33. bxa5
Rxa4 34. Rb6 Ra3+ 35. Kf2 Rxa5 36. Rxc6 Rf5+ 37. Kg1 Kg7 38. h3 h5 39. g3 Rf6
40. Rc5 Kg6 41. Kg2 Ra6 42. Rc2 Ra4 43. Rc6+ f6 44. Kf3 Ra2 45. Rc8 Rh2 46. h4
gxh4 47. gxh4 Rxh4 48. Rg8+ Kf7 49. Kg3 Kxg8 50. Kxh4 Kf7 51. Kxh5 Ke6 52. Kg4
Ke5 53. Kg3 Ke4 54. Kg2 Ke3 55. Kg1 f5 56. Kg2 f4 57. Kf1 Kf3 0-1

[Event "21st Dubai Open 2019"]
[Site "Dubai UAE"]
[Date "2019.04.06"]
[Round "6.27"]
[White "Mendonca, Leon Luke"]
[Black "Abelgas, Roel"]
[Result "1/2-1/2"]
[WhiteTitle "CM"]
[BlackTitle "FM"]
[WhiteElo "2446"]
[BlackElo "2256"]
[WhiteFideId "35028561"]
[BlackFideId "5200970"]
[EventDate "2019.04.01"]

1. Nf3 Nf6 2. g3 g6 3. b3 Bg7 4. Bb2 O-O 5. Bg2 d5 6. c4 b6 7. O-O Bb7 8. d4 c6
9. Nbd2 Nbd7 10. b4 a5 11. bxa5 Rxa5 12. cxd5 cxd5 13. e3 Qa8 14. Qb3 Rc8 15. a3
e6 16. Bc3 Ra7 17. Bb4 Ba6 18. Rfc1 Rac7 19. Qb2 Qb7 20. Bf1 Bxf1 21. Kxf1 Qa6+
22. Kg1 Qa7 23. Nb3 Ne4 24. Rxc7 Rxc7 25. Rc1 Ndc5 26. Qb1 Na4 27. Nfd2 Nec3 28.
Qd3 Na2 29. Rc2 Rxc2 30. Qxc2 Nxb4 31. axb4 Bf8 32. Qc8 Nb2 33. b5 Qa3 34. Qc7
Na4 35. Kg2 Qb4 36. Qd7 Nc3 37. Qc6 Na4 38. Qd7 Qd6 39. Qc8 Nb2 40. Qc2 Qa3 41.
Qc7 Na4 42. Nf3 Qe7 43. Qc8 Qb4 44. Qe8 Qe7 45. Qc8 Qb4 46. Qe8 Kg7 47. Nbd2 Nb2
48. Ne5 Qe7 49. Qc6 Na4 50. Qa8 Nb2 51. Qc6 Na4 52. Nb1 Qd6 53. Nc3 Nb2 54. Qb7
Be7 55. Nc6 Bd8 56. Qa8 Bc7 57. Ne2 Nc4 58. Qc8 Na3 59. Nc3 h5 60. h4 Nc4 61.
Ne2 Nd2 62. Nf4 Ne4 63. Qe8 Qf8 64. Qd7 Bxf4 65. exf4 Nd6 66. Ne5 Nc4 67. Qc7
Nxe5 68. fxe5 Qb4 69. Qxb6 Qb1 70. Qc5 Qe4+ 71. Kg1 Qe1+ 72. Kg2 Qe4+ 73. Kf1
Qd3+ 74. Kg1 Qb1+ 75. Kg2 Qe4+ 76. Kf1 Qb1+ 77. Ke2 Qb2+ 78. Kf3 Qb1 79. Ke3
Qb3+ 80. Ke2 Qb2+ 81. Kf1 Qb1+ 82. Kg2 Qe4+ 83. Kh2 Qe2 1/2-1/2

[Event "21st Dubai Open 2019"]
[Site "Dubai UAE"]
[Date "2019.04.06"]
[Round "6.35"]
[White "Raja, Rithvik R"]
[Black "San Diego, Jerlyn Mae"]
[Result "0-1"]
[WhiteTitle "IM"]
[WhiteElo "2423"]
[BlackElo "1904"]
[WhiteFideId "35007394"]
[BlackFideId "5213401"]
[EventDate "2019.04.01"]

1. d4 g6 2. Nf3 Bg7 3. c4 c5 4. e4 cxd4 5. Nxd4 Nc6 6. Be3 d6 7. Nc3 Nf6 8. Be2
Bd7 9. O-O O-O 10. f3 Nxd4 11. Bxd4 Bc6 12. Qd2 a5 13. b3 Nd7 14. Be3 Nc5 15.
Rab1 Qb6 16. Rfc1 Qb4 17. Qb2 Qb6 18. a3 Bh6 19. Bd4 Bxc1 20. Qxc1 e5 21. Be3
Qd8 22. Qd2 Ne6 23. Rd1 f5 24. Qxd6 Qxd6 25. Rxd6 Kf7 26. Nd5 Rad8 27. Rxd8 Rxd8
28. Bb6 Ra8 29. Kf2 a4 30. b4 fxe4 31. fxe4 Nf4 32. Bf1 h5 33. g3 Ne6 34. Ke3
Rc8 35. Kd2 g5 36. Be3 g4 37. Be2 Rg8 38. Kc3 Ng5 39. Bxg5 Rxg5 40. c5 Bxd5 41.
exd5 Rf5 42. b5 Ke7 43. b6 Kd7 44. Bb5+ Kc8 45. c6 Rf6 46. Kc4 e4 47. Kd4 Rf2
48. d6 Rd2+ 49. Kc5 bxc6 50. Kxc6 Rc2+ 51. Kd5 Rd2+ 52. Ke6 e3 53. Ba6+ Kb8 54.
d7 e2 55. Bxe2 Rxe2+ 56. Kd6 Rd2+ 57. Ke7 Kb7 58. d8=Q Rxd8 59. Kxd8 Kxb6 60.
Kd7 Kc5 61. Ke6 Kc4 62. Ke5 Kb3 63. Kd4 Kxa3 64. Kc3 Ka2 65. Kc2 a3 66. Kc1 Kb3
67. Kb1 a2+ 68. Ka1 Ka3 0-1

[Event "21st Dubai Open 2019"]
[Site "Dubai UAE"]
[Date "2019.04.06"]
[Round "6.36"]
[White "Panda, Sambit"]
[Black "Harsha, Bharathakoti"]
[Result "0-1"]
[BlackTitle "GM"]
[WhiteElo "2218"]
[BlackElo "2497"]
[WhiteFideId "25091794"]
[BlackFideId "5078776"]
[EventDate "2019.04.01"]

1. d4 Nf6 2. c4 e6 3. Nf3 d5 4. Nc3 a6 5. cxd5 exd5 6. Qb3 Bd6 7. Bg5 c6 8. e4
dxe4 9. Nxe4 Be7 10. Nxf6+ Bxf6 11. Qe3+ Be6 12. Bc4 h6 13. Bxf6 Qxf6 14. O-O
O-O 15. Bxe6 Qxe6 16. Qxe6 fxe6 17. Rfe1 Re8 18. Ne5 Rd8 19. Rad1 Nd7 20. Nd3
Kf7 21. f3 a5 22. Nf4 Re8 23. h4 a4 24. h5 Ra5 25. Rd3 Rf5 26. g3 Nf6 27. Rde3
Nd5 28. Rxe6 Rxe6 29. Nxe6 Rxf3 30. Nd8+ Kg8 31. Re8+ Kh7 32. Kg2 Rd3 33. Re2
Nf6 34. Nxb7 Nxh5 35. Nc5 Rxd4 36. Re4 Rd2+ 37. Kf3 Rxb2 38. Rxa4 Nf6 39. Ra7
Rc2 40. Ne6 Rc3+ 41. Kg2 Nh5 42. a4 Re3 43. Nd8 Rxg3+ 44. Kf2 c5 45. Ra5 Rc3 46.
Ne6 Nf6 47. Ra7 Kg6 48. a5 Ne4+ 49. Ke2 Ra3 50. Nxg7 h5 51. Ne6 h4 52. Kf1 h3
53. Kg1 Kf5 54. Nd8 Ra2 55. Rh7 Ng5 56. Rc7 Nf3+ 57. Kf1 h2 58. Rh7 c4 59. a6 c3 0-1

[Event "21st Dubai Open 2019"]
[Site "Dubai UAE"]
[Date "2019.04.06"]
[Round "6.38"]
[White "Ansat, Aldiyar"]
[Black "Tokhirjonova, Gulrukhbegim"]
[Result "0-1"]
[WhiteTitle "CM"]
[BlackTitle "WGM"]
[WhiteElo "2001"]
[BlackElo "2434"]
[WhiteFideId "13715658"]
[BlackFideId "14203626"]
[EventDate "2019.04.01"]

1. e4 e5 2. Nf3 Nc6 3. Bb5 a6 4. Ba4 Nf6 5. O-O Be7 6. d3 b5 7. Bb3 d6 8. a3 O-O
9. Nc3 Be6 10. Nd5 h6 11. Be3 Re8 12. h3 Bf8 13. Nh2 Bxd5 14. exd5 Ne7 15. Qf3
Ng6 16. Ng4 Be7 17. Nxf6+ Bxf6 18. Qg4 Qc8 19. c3 Bg5 20. Bxg5 Qxg4 21. hxg4
hxg5 22. g3 Nf8 23. Rae1 Nd7 24. Kg2 Rab8 25. f3 a5 26. d4 g6 27. Kf2 Kg7 28.
Rh1 Rh8 29. Rxh8 Rxh8 30. Kg2 Kf6 31. Re2 Rb8 32. Rc2 Ke7 33. dxe5 dxe5 34. Rd2
Kd6 35. Bc2 b4 36. cxb4 axb4 37. Ba4 Nc5 38. Bc6 Nb3 39. Rf2 Nd4 40. a4 b3 41.
Rf1 Nxc6 42. dxc6 Kxc6 43. Rc1+ Kd6 44. Rd1+ Ke6 45. Rc1 Rd8 46. Rc6+ Rd6 47.
Rxc7 Rd2+ 48. Kg1 Rxb2 49. Rb7 Kd5 50. Rxf7 Ra2 0-1

[Event "21st Dubai Open 2019"]
[Site "Dubai UAE"]
[Date "2019.04.07"]
[Round "7.2"]
[White "Tabatabaei, M.amin"]
[Black "Indjic, Aleksandar"]
[Result "1/2-1/2"]
[WhiteTitle "GM"]
[BlackTitle "GM"]
[WhiteElo "2600"]
[BlackElo "2620"]
[WhiteFideId "12521213"]
[BlackFideId "911925"]
[EventDate "2019.04.01"]

1. Nf3 c5 2. c4 Nf6 3. Nc3 Nc6 4. g3 d5 5. d4 e6 6. cxd5 Nxd5 7. Bg2 cxd4 8.
Nxd4 Nxc3 9. bxc3 Nxd4 10. Qxd4 Qxd4 11. cxd4 Bd6 12. a4 Rb8 13. Bd2 Bd7 14. a5
Bb5 15. Rb1 a6 16. Bf4 Kd7 17. Kd2 Rhc8 18. e3 Bxf4 19. gxf4 Bc6 20. Bxc6+ bxc6
21. Rb6 Rxb6 22. axb6 Rb8 23. Rb1 Kc8 24. Kd3 Kb7 25. Kc4 Rd8 26. e4 a5 27. f3
a4 28. Ra1 Ra8 29. Kb4 Kxb6 30. Rxa4 Rxa4+ 31. Kxa4 c5 32. Kb3 cxd4 33. Kc4 d3
34. Kxd3 Kc5 35. Kc3 f6 36. Kd3 e5 37. fxe5 fxe5 38. h4 g6 39. Ke3 1/2-1/2

[Event "21st Dubai Open 2019"]
[Site "Dubai UAE"]
[Date "2019.04.07"]
[Round "7.3"]
[White "Sethuraman, S.P."]
[Black "Iturrizaga Bonelli, Eduardo"]
[Result "0-1"]
[WhiteTitle "GM"]
[BlackTitle "GM"]
[WhiteElo "2637"]
[BlackElo "2639"]
[WhiteFideId "5021596"]
[BlackFideId "3901211"]
[EventDate "2019.04.01"]

1. e4 c6 2. d4 d5 3. e5 Bf5 4. Nf3 e6 5. Be2 Nd7 6. O-O h6 7. Nbd2 g5 8. Nb3 Ne7
9. a4 Bg7 10. a5 O-O 11. c3 b6 12. Be3 Qc7 13. Ne1 f6 14. exf6 Nxf6 15. f4 g4
16. Nd3 h5 17. Ne5 Ne4 18. Nd2 c5 19. axb6 axb6 20. Qb3 Nxd2 21. Bxd2 Nc6 22.
Qb5 Nxe5 23. dxe5 Ra5 24. Rxa5 bxa5 25. c4 Rb8 26. Qa4 Rxb2 27. Bxa5 Qa7 28. Bd1
d4 29. Qe8+ Bf8 30. Qxh5 Qxa5 31. Bxg4 Qa8 32. Qg5+ Bg7 33. Bxf5 exf5 34. e6 Qe8
35. Re1 d3 36. Qxf5 d2 37. Rd1 Rb6 38. Rxd2 Rxe6 39. Qxc5 Rd6 40. Rf2 Rd1+ 0-1

[Event "21st Dubai Open 2019"]
[Site "Dubai UAE"]
[Date "2019.04.07"]
[Round "7.5"]
[White "Iniyan, P"]
[Black "Mareco, Sandro"]
[Result "1-0"]
[WhiteTitle "IM"]
[BlackTitle "GM"]
[WhiteElo "2487"]
[BlackElo "2666"]
[WhiteFideId "25002767"]
[BlackFideId "112275"]
[EventDate "2019.04.01"]

1. d4 Nf6 2. c4 e6 3. Nc3 Bb4 4. e3 O-O 5. Bd3 d5 6. Nf3 b6 7. O-O Ba6 8. cxd5
Bxd3 9. Qxd3 exd5 10. Ne5 Re8 11. Bd2 c6 12. a3 Bxc3 13. Bxc3 Ne4 14. f3 Nd6 15.
Rae1 f6 16. Ng4 Qc8 17. Bb4 Nf7 18. e4 Na6 19. e5 fxe5 20. dxe5 Nc7 21. h3 c5
22. Bd2 c4 23. Qb1 d4 24. f4 Nd5 25. Qe4 Qc5 26. Bb4 Nxb4 27. axb4 Qxb4 28. f5
d3 29. f6 d2 30. Re3 Rad8 31. e6 Rxe6 32. Qxe6 d1=Q 33. Nh6+ gxh6 34. Qe8+ Rxe8
35. Rxe8+ Qf8 36. Rxf8+ Kxf8 37. Rxd1 Ne5 38. Rd5 Nc6 39. Rd7 1-0

[Event "21st Dubai Open 2019"]
[Site "Dubai UAE"]
[Date "2019.04.07"]
[Round "7.6"]
[White "Haug, Johannes"]
[Black "Adly, Ahmed"]
[Result "0-1"]
[WhiteTitle "IM"]
[BlackTitle "GM"]
[WhiteElo "2406"]
[BlackElo "2611"]
[WhiteFideId "1509268"]
[BlackFideId "10601619"]
[EventDate "2019.04.01"]

1. e4 c5 2. Nf3 Nc6 3. Bb5 Nf6 4. Nc3 g6 5. Bxc6 bxc6 6. e5 Nd5 7. Ne4 d6 8. O-O
Bg7 9. exd6 exd6 10. d4 O-O 11. dxc5 dxc5 12. c4 Re8 13. Nxc5 Nb6 14. Qxd8 Rxd8
15. Bg5 f6 16. Bd2 Nxc4 17. Bc3 Rd5 18. Ne4 Kf7 19. b3 Nb6 20. Rac1 Bf5 21. Rfe1
c5 22. h3 h5 23. b4 c4 24. Bd4 Rxd4 25. Nxd4 Bxe4 26. Rxe4 f5 27. Rf4 Nd5 28.
Ne2 Nxf4 29. Nxf4 c3 30. Nd5 Rc8 31. Kf1 Rc4 32. g3 h4 33. Ke2 Be5 34. a3 hxg3
35. fxg3 Ke6 36. Ne3 Rc8 37. Kf3 Rd8 38. Rc2 g5 39. Ke2 Rh8 40. h4 gxh4 41. gxh4
Rxh4 42. b5 Rh2+ 43. Kd3 Rh3 44. Ke2 f4 45. Nd1 Bd4 46. a4 Kd5 47. a5 Ke5 0-1

[Event "21st Dubai Open 2019"]
[Site "Dubai UAE"]
[Date "2019.04.07"]
[Round "7.7"]
[White "Mchedlishvili, Mikheil"]
[Black "Sanal, Vahap"]
[Result "1/2-1/2"]
[WhiteTitle "GM"]
[BlackTitle "GM"]
[WhiteElo "2610"]
[BlackElo "2511"]
[WhiteFideId "13600966"]
[BlackFideId "6300545"]
[EventDate "2019.04.01"]

1. c4 Nf6 2. Nf3 e6 3. d4 b6 4. e3 Bb7 5. Bd3 d5 6. O-O Be7 7. cxd5 exd5 8. Nc3
O-O 9. b3 Nbd7 10. Bb2 a6 11. Ne2 Bd6 12. Ng3 g6 13. Ne5 Ne4 14. Qc2 Nxg3 15.
hxg3 Qe8 16. Rac1 f6 17. Nc6 Nb8 18. Nxb8 Rxb8 19. a4 f5 20. Ra1 Qe7 21. Qc1 h5
22. Ba3 a5 23. Bxd6 Qxd6 24. Qa3 Qxa3 25. Rxa3 Kf7 26. Ra2 Ke6 27. Rc2 Kd6 28.
Rfc1 Rbc8 29. f3 c5 30. Kf2 1/2-1/2

[Event "21st Dubai Open 2019"]
[Site "Dubai UAE"]
[Date "2019.04.07"]
[Round "7.11"]
[White "Deepan, Chakkravarthy J."]
[Black "Mulenga, Prince Daniel"]
[Result "1-0"]
[WhiteTitle "GM"]
[WhiteElo "2534"]
[BlackElo "2234"]
[WhiteFideId "5011132"]
[BlackFideId "8701776"]
[EventDate "2019.04.01"]

1. Nf3 Nf6 2. g3 g6 3. Bg2 Bg7 4. O-O O-O 5. c4 d6 6. Nc3 c6 7. d4 Qa5 8. h3 e5
9. e4 Na6 10. Be3 Be6 11. Qe2 Qb4 12. d5 cxd5 13. exd5 Bd7 14. a3 Qa5 15. b4 Qd8
16. Rfd1 Nh5 17. Rac1 f5 18. Bg5 Bf6 19. Bh6 Re8 20. Nb5 Qe7 21. c5 e4 22. Nxd6
exf3 23. Qxf3 Ba4 24. Nxe8 Bxd1 25. Nxf6+ Qxf6 26. Rxd1 1-0

[Event "21st Dubai Open 2019"]
[Site "Dubai UAE"]
[Date "2019.04.07"]
[Round "7.12"]
[White "Aditya, Mittal"]
[Black "Yilmaz, Mustafa"]
[Result "0-1"]
[WhiteTitle "CM"]
[BlackTitle "GM"]
[WhiteElo "2454"]
[BlackElo "2636"]
[WhiteFideId "35042025"]
[BlackFideId "6302718"]
[EventDate "2019.04.01"]

1. d4 Nf6 2. c4 e6 3. Nc3 Bb4 4. e3 O-O 5. Bd3 d5 6. Nf3 b6 7. O-O Ba6 8. cxd5
exd5 9. Bxa6 Nxa6 10. Qa4 Qc8 11. Ne5 Re8 12. Bd2 Bd6 13. f4 c5 14. Be1 Qb7 15.
Bh4 Ne4 16. Nxe4 dxe4 17. Qc6 Qxc6 18. Nxc6 cxd4 19. Nxd4 Nb4 20. Nb5 Bb8 21.
Rfc1 a6 22. Nc3 Bd6 23. Kf1 Rac8 24. a3 Nd3 25. Rc2 f5 26. Rd1 Rc4 27. Rcd2 Bxa3
28. Nxe4 fxe4 29. bxa3 Rec8 30. g4 Rc3 31. Rb1 b5 32. Be7 Rc1+ 33. Rxc1 Rxc1+
34. Kg2 a5 35. h4 Kf7 36. Bd6 Ke6 37. Bf8 g6 38. Bg7 h5 39. f5+ Kf7 40. Bb2 Rb1
41. fxg6+ Kxg6 42. gxh5+ Kxh5 43. Bf6 Re1 44. Bc3 a4 45. Rb2 Nxb2 46. Bxe1 Nc4
47. Kg3 Nxa3 48. Kf4 Nc2 49. Bc3 b4 50. Bf6 a3 51. Kxe4 b3 52. Kd3 Ne1+ 53. Kd2
b2 54. Bxb2 axb2 55. Kxe1 b1=Q+ 0-1

[Event "21st Dubai Open 2019"]
[Site "Dubai UAE"]
[Date "2019.04.07"]
[Round "7.13"]
[White "Shyaamnikhil, P"]
[Black "Aravindh, Chithambaram VR."]
[Result "0-1"]
[WhiteTitle "IM"]
[BlackTitle "GM"]
[WhiteElo "2429"]
[BlackElo "2599"]
[WhiteFideId "5024218"]
[BlackFideId "5072786"]
[EventDate "2019.04.01"]

1. d4 Nf6 2. Bg5 g6 3. Nc3 d5 4. Qd2 Bg7 5. Bh6 Bxh6 6. Qxh6 Qd6 7. Qd2 c5 8.
dxc5 Qxc5 9. Rd1 Nc6 10. e3 O-O 11. a3 Rd8 12. b4 Qb6 13. Na4 Qc7 14. f3 e5 15.
Ne2 h5 16. Nc1 Bf5 17. Be2 Ne7 18. c3 a5 19. b5 Nd7 20. Nd3 Bxd3 21. Bxd3 Nc5
22. Nxc5 Qxc5 23. a4 Rac8 24. O-O Qxc3 25. Qf2 Qa3 26. Qh4 Kg7 27. Rfe1 Rc3 28.
Ra1 Qc5 29. Rad1 Re8 30. Kh1 Ng8 31. b6 Nf6 32. Bb5 Re6 33. Qf2 Rxb6 34. Qd2 Rd6
35. Rc1 d4 36. exd4 exd4 37. Rcd1 d3 38. Qf4 Qd4 0-1

[Event "21st Dubai Open 2019"]
[Site "Dubai UAE"]
[Date "2019.04.07"]
[Round "7.21"]
[White "Vignesh, N R"]
[Black "Quizon, Daniel"]
[Result "1-0"]
[WhiteTitle "IM"]
[BlackTitle "IM"]
[WhiteElo "2476"]
[BlackElo "2268"]
[WhiteFideId "25012215"]
[BlackFideId "5217911"]
[EventDate "2019.04.01"]

1. e4 c5 2. Nf3 e6 3. d4 cxd4 4. Nxd4 Nf6 5. Nc3 d6 6. f4 a6 7. a4 Qc7 8. Bd3 b6
9. Nf3 Nbd7 10. Qe2 Bb7 11. O-O Be7 12. Kh1 O-O 13. Bd2 Nc5 14. b4 Nxd3 15. cxd3
Rfe8 16. Rfc1 Qd7 17. Rab1 Bd8 18. Be3 e5 19. fxe5 dxe5 20. b5 axb5 21. Rxb5 Ba6
22. Rxe5 Qxd3 23. Rxe8+ Nxe8 24. Qxd3 Bxd3 25. Ne5 Ba6 26. Nc6 Bf6 27. Nd5 Bb7
28. Nxb6 Ra6 29. Nb8 Ra5 30. N8d7 Bd8 31. Bd4 Rg5 32. h3 Nd6 33. Nc5 Bxb6 34.
Nxb7 Bxd4 35. Nxd6 g6 36. Rc4 Bb6 37. Rc6 Bd4 38. Rc4 Bb6 39. Rc8+ Kg7 40. Ne8+
Kh6 41. g4 Ra5 42. Rc4 Ra8 43. Nd6 Kg7 44. e5 Ra5 45. Nb5 Ra8 46. Kg2 Re8 47.
Re4 Rc8 48. Kf3 Rc6 49. Rf4 Rc5 50. Nd6 Rxe5 51. Rxf7+ Kg8 52. Rb7 Bd4 53. Ne4
Ra5 54. Rb4 Ba1 55. g5 Rf5+ 56. Ke2 Ra5 57. Rc4 h6 58. Rc8+ Kg7 59. Rc7+ Kg8 60.
gxh6 Rh5 61. h7+ Kh8 62. h4 Be5 63. Rc5 Bf4 64. Rc8+ Kg7 65. Rg8+ 1-0